| 000 | 01177nam a2200325 i 4500 | ||
|---|---|---|---|
| 001 | 000049052 | ||
| 003 | DO-SdBNP | ||
| 005 | 20230807103919.0 | ||
| 007 | ta | ||
| 008 | 190716s1993 dr a 000 spa d | ||
| 040 |
_aDO-SdBNP _bspa _cBNPHU _erda |
||
| 082 |
_axxx _bO12e _222 |
||
| 100 | 1 |
_aOber, Frederick Albion. _976449 _d1849-1913 |
|
| 240 | 1 |
_aIn the wake of Columbus : adventures of the special commissioner sent by the World's Columbian Exposition to the West Indies. _lEspañol. |
|
| 245 | 1 | 0 |
_aEn la estela de Colón / _cFrederick A. Ober. |
| 264 |
_aSanto Domingo : _bSociedad Dominicana de Bibliófilos, _c1993. |
||
| 300 |
_a256 paginas : _bilustraciones. ; _c23 cm. |
||
| 336 |
_2rdacontent _atexto _btxt |
||
| 337 |
_2rdamedia _asin mediación _bn |
||
| 338 |
_2rdacarrier _avolumen _bnc |
||
| 490 | 1 | _aSociedad Dominicana de Bibliófilos. Cultura Dominicana | |
| 490 | 1 | _aV centenario | |
| 500 | _aIncluye notas al pie de las páginas. | ||
| 590 | _aInventariado, 2019 / DG | ||
| 830 | 0 |
_aSociedad Dominicana de Bibliófilos. Cultura Dominicana _976830 |
|
| 830 | 0 |
_aV centenario _944138 |
|
| 910 | _aDG | ||
| 942 |
_2ddc _cLBS1 |
||
| 956 | _aLOPEREZ | ||
| 999 |
_c48540 _d48540 |
||